000 00980nam a22002057a 4500
999 _c63954
_d63954
005 20260226172610.0
008 260226s1991 enk||||| |||| 00| 0 eng d
020 _a9780804719520x
041 _aeng
080 _a327(520)(09) : 94(520) T-67
100 _aToby, Ronald P.
_926999
245 _aState and diplomacy in early modern Japan :
_bAsia in the develop. of the Tokugawa Bakufu /
_cRonald P. Toby.
264 _aStanford :
_bStanford Univ. press,
_c1991.
300 _a309 p. :
_b ill. ;
_c 23 cm.
500 _aBibliogr.: p. 263-289.
653 _aიაპონიის საგარეო პოლიტიკის ისტორია
653 _aაღმ. აზიის საგარეო პოლიტიკის ისტორია
653 _aიაპონია-აღმ. აზიის საერთაშორისო ურთიერთობების ისტორია-XV-XIX სს.
942 _2udc
_cᲬᲘᲒᲜᲘ